Ako pomáhať deťom dobre sa učiť

Bibliographic Details
Main Author: Skatkin, Lev Nikolajevič (Author)
Other Authors: Durgalová, Anna (Translator)
Format: Book
Language:Slovak
Russian
PhysicalDescription:107, [1] s. 8°
Published: Bratislava Slovenské pedagogické nakladateľstvo 1955
Edition:1. vyd.
Series:Knižnica pedagogických aktualít
Subjects:

MARC

LEADER 00000cam a2200000 a 4500
001 vtls008396602
003 SK-MaSNL
005 20260301140916.0
008 251029s1955 xo 000 0 slo
015 |a SKSNBA19451955-010816 
035 |a SK01SNKBKSFS20010088819 
035 |a SKM000091282 
040 |a SNK  |b slo  |c SNK  |e AACR2 
041 1 |a slo  |h rus 
044 |a xo  |c SK 
080 |a 371  |2 1981 
100 1 |a Skatkin, Lev Nikolajevič  |4 aut  |9 494188 
245 1 0 |a Ako pomáhať deťom dobre sa učiť  |c L[ev] N[ikolajevič] Skatkin ; [z rus. orig. prel. Anna Durgalová] 
250 |a 1. vyd. 
260 |a Bratislava  |b Slovenské pedagogické nakladateľstvo  |c 1955  |e Zvolen  |f Pohronské tlačiarne 
300 |a 107, [1] s.  |c 8° 
366 |e 5000 výtlač. 
490 1 |a Knižnica pedagogických aktualít  |v zv. 16 
505 0 |a Zoznam kníh na čítanie pre žiakov začiatočných tried, s. 80-107 
650 0 7 |a pedagogika  |x príručky metodické  |2 SNK  |9 494189 
655 7 |a príručky  |2 SNKPH  |9 74364 
700 1 |a Durgalová, Anna  |4 trl  |9 279543 
830 0 |a Knižnica pedagogických aktualít  |9 494190 
852 |a Slovenská národná knižnica v Martine  |b 10000  |h SD 9915 
958 |a OND 
958 |a RK 
958 |a TL 
999 |c 765418  |d 767348 
952 |a SNK  |b SNK  |y PREZ  |7 0  |p 17A0425593  |o snkSD 9915  |i snk978/55  |0 0  |1 0  |4 0  |d 2004-04-13  |l 0  |r 2025-11-24 00:00:00  |w 2026-02-24 
952 |a SNK  |b SNK  |y VYP  |7 0  |p 17A1186596  |o snkSD 9915 D1  |i snkI. 6797/55  |0 0  |1 0  |4 0  |d 2016-11-24  |l 0  |r 2026-02-24 00:17:36  |w 2026-02-24